Stolice świata najbliżej Zagrzebia - Statystyki

Ogólne statystyki
  • Ten quiz został rozwiązany 344 razy
  • Średni wynik to 16 z 20
Statystyki odpowiedzi
km stolica % Poprawnych
300 Budapeszt
93%
517 Rzym
93%
489 Praga
92%
269 Wiedeń
92%
273 Bratysława
91%
802 Warszawa
90%
291 Sarajewo
85%
117 Lublana
84%
368 Belgrad
82%
769 Berlin
80%
680 Sofia
77%
666 Berno
76%
610 Skopje
72%
542 Prisztina
70%
348 San Marino
70%
588 Tirana
69%
459 Podgorica
68%
519 Watykan
66%
517 Vaduz
58%
714 Monako
44%
Nie znaleziono quizów pasujących do podanych kryteriów
Rozkład punktacji
Procent ludzi z każdym wynikiem
Percentyl według liczby udzielonych odpowiedzi
Twoja historia wyników
Nie rozwiązałeś tego quizu